Tabla para clasificar los principales minerales

Sparad:
Bibliografiska uppgifter
Huvudupphovsman: Perfetti, Rafael (Författare, medförfattare)
Materialtyp: Bok
Språk:spanska
Publicerad: Valparaíso Imprenta y Enc. Roma 1939
Upplaga:1a. ed
Ämnen:
Taggar: Lägg till en tagg
Inga taggar, Lägg till första taggen!

MARC

LEADER 00000cam a2200000 a 4500
001 UCC6708
003 CL-VaPUC
008 190103e19390000cl |||||||||||||||||spa|d
082 0 4 |a 549  |b PER  |2 21 
100 0 |a Perfetti, Rafael  |e author  |9 601172 
245 1 0 |a Tabla para clasificar los principales minerales 
250 |a 1a. ed 
300 |a 35 p 
942 |c BK 
945 |d 20190103 17:32:00  |a dcastane 
260 |a Valparaíso  |b Imprenta y Enc. Roma  |c 1939 
650 7 |a MINEROLOGIA  |2 CL-VaPUC  |9 529342 
650 0 |a Minerales   |9 264051 
650 7 |a CLASIFICACION  |2 CL-VaPUC  |9 269795 
583 |a last modification  |c 20190103 17:32:00  |k Rodrigo Vera 
999 |c 373575  |d 373573 
952 |0 0  |1 0  |3 erb  |4 0  |6 549_000000000000000_PER_1939  |7 0  |8 X  |9 491766  |a BIBING  |b BIBING  |i 5526981  |o 549 PER 1939  |p 5526981  |r 2025-01-20  |w 2019-11-24  |y BK_X  |z Catalogado en:20190103  |k EIQ